000 00247nam a22000977a 4500
999 _c11449
_d11449
008 190524b ||||| |||| 00| 0 eng d
020 _a9789380058320
100 _aMind Fuels
_97167
245 _aEigensinniger Til Til
260 _aNew Delhi
_bMind Fuels